Regionálna politika Európskej únie pre udržateľný rozvoj - podpora udržateľného rozvoja v štátoch V-4 pomocou štrukturálnych fondov

Charakteristika a definícia trvalo udržateľného rozvoja. Štrukturálne fondy regionálnej politiky EÚ a ich príspevok k trvalo udržateľnému rozvoju. Kontext stratégie udržateľného rozvoja v NSRR a OP v krajinách V-4 (Česko, Maďarsko, Poľsko, Slovensko). Trvalo udržateľný rozvoj v operačných programoch...

Descripción completa

Guardado en:
Detalles Bibliográficos
Autor principal: Ivaničková, Alžbeta
Formato: Capítulo de libro
Lenguaje:eslovaco
Materias:
Etiquetas: Agregar Etiqueta
Sin Etiquetas, Sea el primero en etiquetar este registro!

MARC

LEADER 00000naa$a2200000$$$4500
001 0112497
005 20240502072241.0
041 0 |a slo 
044 |a SK 
245 1 0 |a Regionálna politika Európskej únie pre udržateľný rozvoj - podpora udržateľného rozvoja v štátoch V-4 pomocou štrukturálnych fondov  |c Alžbeta Ivaničková 
520 |a Charakteristika a definícia trvalo udržateľného rozvoja. Štrukturálne fondy regionálnej politiky EÚ a ich príspevok k trvalo udržateľnému rozvoju. Kontext stratégie udržateľného rozvoja v NSRR a OP v krajinách V-4 (Česko, Maďarsko, Poľsko, Slovensko). Trvalo udržateľný rozvoj v operačných programoch krajín V-4 v programovacom období 2007-2013. 
610 2 0 |a rozvoj trvalo udržateľný 
610 2 0 |a politika regionálna 
610 2 0 |a programy 
610 2 0 |a fondy štruktúrne 
610 2 0 |a Vyšehradská štvorka 
610 2 0 |a Európska únia 
100 1 |a Ivaničková, Alžbeta